=LDR 00000nam 2200000 4500 =001 INLIS000000000061744 =005 20221108093626 =035 ##$$a 0010-1122000125 =007 ta =008 221108###########################0###### =082 ##$$a 352.959 865 11 =084 ##$$a 352.959 865 11 KOT b =245 1#$$a Buletin kegiatan Pimpinan Daerah Edisi I (Januari-Maret 2021) : $b Harapan untuk Mataram =260 ##$$a Mataram :$b Bagian Protokol dan Komunikasi Pimpinan Setda Kota Mataram,$c 2021 =300 ##$$a 36 halaman : $b Ilustrasi ; $c 18 cm =650 #4$$a Pemerintah Daerah - Kota Mataram - Berita dalam Gambar =110 ##$$a Kota Mataram. Sekertariat Daerah =990 ##$$a 27662766 =990 ##$$a 27662766 =990 ##$$a 474/51/2022 =990 ##$$a 7202202766 =990 ##$$a 474/51/2022 =990 ##$$a 474/51/2022